000 00602nam a2200181Ia 4500
003 GCL
008 140319s9999 xx 000 0 ara d
040 _aGCL /
_cGCL
082 0 4 _a415.1
_bم م
100 1 _aموسى بن محمدبن الملياتىالاحمدى
245 1 0 _aمعجم الافعال المتعدية بحرف /
_cموسى بن محمدبن الملياتىالاحمدى
490 _aالهيئة العامة للاستعلامات
_v0
650 0 4 _aالنحو
650 0 4 _aاللغة العربية
650 0 4 _aالصرف
650 0 4 _aالافعال
942 _2ddc
_cBK
999 _c48239
_d48239